[Event "CYCC U10"]
[Site "Windsor CAN"]
[Date "2016.07.08"]
[Round "6.85"]
[White "Feng, Richard2"]
[Black "Ivanescu, Mark"]
[Result "0-1"]
[WhiteElo "761"]
[BlackElo "1603"]
[PlyCount "30"]
[EventDate "2016.07.05"]
[EventType "swiss"]
[EventRounds "7"]
[EventCountry "CAN"]

1. d4 Nf6 2. c4 g6 3. Nc3 d5 4. Bf4 c6 5. Qc2 Bg7 6. O-O-O O-O 7. f3 a5 8. cxd5
Nxd5 9. Nxd5 cxd5 10. h4 Nc6 11. a3 Bd7 12. e3 Rc8 13. Kb1 Nxd4 14. Qd3 Qb6 15.
Rd2 Bb5 0-1

[Event "CYCC U10"]
[Site "Windsor CAN"]
[Date "2016.07.08"]
[Round "6.86"]
[White "Xie, Austin"]
[Black "Srinivas, Atharva"]
[Result "0-1"]
[WhiteElo "1638"]
[BlackElo "1343"]
[PlyCount "48"]
[EventDate "2016.07.05"]
[EventType "swiss"]
[EventRounds "7"]
[EventCountry "CAN"]

1. e4 e5 2. Nf3 Nc6 3. Bb5 a6 4. Bxc6 dxc6 5. O-O Bd6 6. h3 f5 7. exf5 Bxf5 8.
d3 h6 9. Re1 Ne7 10. Nxe5 Bxe5 11. Rxe5 Qd6 12. Bf4 Qd4 13. Qc1 g5 14. Rxf5
Nxf5 15. Qe1+ Kd7 16. Bc1 Rae8 17. Qd2 Qe5 18. Kf1 Rhf8 19. g3 Nxg3+ 20. Kg2
Nf5 21. Nc3 Nh4+ 22. Kf1 Qh2 23. f4 Rxf4+ 24. Qxf4 Qg2# 0-1

[Event "CYCC U10"]
[Site "Windsor CAN"]
[Date "2016.07.08"]
[Round "6.87"]
[White "Balachandran, Kousihan"]
[Black "De Costa, Benjamin"]
[Result "0-1"]
[WhiteElo "1525"]
[BlackElo "1394"]
[PlyCount "154"]
[EventDate "2016.07.05"]
[EventType "swiss"]
[EventRounds "7"]
[EventCountry "CAN"]

1. e4 c5 2. c3 d5 3. exd5 Qxd5 4. d4 Nc6 5. Nf3 Bg4 6. Be2 Nf6 7. h3 Bh5 8. Be3
e6 9. c4 Qd8 10. dxc5 Qc7 11. O-O Rd8 12. Qc2 Be7 13. Nc3 O-O 14. Rad1 Nb4 15.
Qb3 Bxc5 16. Bxc5 Qxc5 17. Rxd8 Rxd8 18. a3 Nc6 19. Rd1 Rxd1+ 20. Bxd1 Qe7 21.
Be2 b6 22. Qb5 Bxf3 23. Bxf3 Nd4 24. Qe5 Nxf3+ 25. gxf3 Nd7 26. Qc7 Qg5+ 27.
Kh2 Qe5+ 28. Qxe5 Nxe5 29. Kg3 Nxc4 30. Nd1 Kf8 31. Kf4 Ke7 32. Ke4 Kd6 33. Kd4
Ne5 34. f4 Ng6 35. Ke4 e5 36. fxe5+ Nxe5 37. b3 g6 38. f4 f5+ 39. Ke3 Nc6 40.
b4 Kd5 41. Kd3 h6 42. h4 a5 43. Nc3+ Kd6 44. Kc4 axb4 45. axb4 Na7 46. Nb5+
Nxb5 47. Kxb5 Kc7 48. Ka6 Kc6 49. b5+ Kc5 50. Kb7 Kxb5 51. Kc7 Kc5 52. Kd7 Kd5
53. Ke7 Ke4 54. Kf6 Kxf4 55. Kxg6 b5 56. Kxh6 b4 57. Kg6 b3 58. h5 b2 59. h6
b1=Q 60. h7 Qb6+ 61. Kg7 Qc7+ 62. Kg6 Qd6+ 63. Kg7 Qe7+ 64. Kg6 Qxh7+ 65. Kxh7
Kg3 66. Kg6 f4 67. Kg5 f3 68. Kf5 f2 69. Ke4 f1=Q 70. Kd5 Qd3+ 71. Ke5 Kf3 72.
Ke6 Kf4 73. Kf6 Qd6+ 74. Kf7 Kg5 75. Kg7 Qe7+ 76. Kh8 Kg6 77. Kg8 Qg7# 0-1

[Event "CYCC U10"]
[Site "Windsor CAN"]
[Date "2016.07.08"]
[Round "6.88"]
[White "Jeyakumar, Bhavatharshan"]
[Black "Jasniewicz, Karol"]
[Result "1-0"]
[WhiteElo "1416"]
[BlackElo "848"]
[PlyCount "73"]
[EventDate "2016.07.05"]
[EventType "swiss"]
[EventRounds "7"]
[EventCountry "CAN"]

1. e4 e5 2. Nf3 Nc6 3. Bb5 d6 4. d4 Bd7 5. dxe5 dxe5 6. O-O Nf6 7. Bg5 Be7 8.
Re1 O-O 9. Nc3 h6 10. Bh4 Qe8 11. Bxf6 Bxf6 12. Nd5 Bd8 13. Qd2 a6 14. Ba4 b5
15. Bb3 Ne7 16. Nxe5 Nxd5 17. Bxd5 Qxe5 18. Bxa8 Bg4 19. h3 Bh5 20. c3 Bg5 21.
Qd5 Qxd5 22. Bxd5 Rc8 23. Bb7 Rd8 24. g4 Bg6 25. Bxa6 Rd2 26. b3 Bh4 27. Rf1
Bxe4 28. Bxb5 c6 29. Bc4 Rc2 30. f3 Bh7 31. a4 Bg3 32. a5 Bh2+ 33. Kh1 Bb8 34.
Rfd1 Bc7 35. Rd7 Bxa5 36. Bxf7+ Kh8 37. Rxa5 1-0

[Event "CYCC U10"]
[Site "Windsor CAN"]
[Date "2016.07.08"]
[Round "6.89"]
[White "Jacobs, Michael"]
[Black "Zhu, Max"]
[Result "1-0"]
[WhiteElo "1380"]
[BlackElo "1460"]
[PlyCount "37"]
[EventDate "2016.07.05"]
[EventType "swiss"]
[EventRounds "7"]
[EventCountry "CAN"]

1. e4 e5 2. Nf3 Nc6 3. d4 exd4 4. Bc4 d6 5. c3 dxc3 6. Qb3 Qe7 7. O-O Ne5 8.
Nxe5 dxe5 9. Nxc3 c6 10. Rd1 Nf6 11. Bg5 h6 12. Bxf6 Qxf6 13. Nb5 Bc5 14. Nc7+
Kf8 15. Nxa8 Qxf2+ 16. Kh1 Qh4 17. Rf1 f6 18. Rad1 Bg1 19. Rxg1 1-0

[Event "CYCC U10"]
[Site "Windsor CAN"]
[Date "2016.07.08"]
[Round "6.90"]
[White "Bui, Alan"]
[Black "Joseph Benher, Savio"]
[Result "1-0"]
[WhiteElo "1417"]
[BlackElo "721"]
[PlyCount "83"]
[EventDate "2016.07.05"]
[EventType "swiss"]
[EventRounds "7"]
[EventCountry "CAN"]

1. d4 d5 2. Nf3 Nf6 3. Bf4 Bf5 4. e3 e6 5. c4 c5 6. Be2 Be7 7. O-O O-O 8. Nc3
Nc6 9. Rc1 Rc8 10. Ne5 Nxe5 11. Bxe5 Ne4 12. Nxe4 Bxe4 13. f3 Bg6 14. cxd5 exd5
15. Bd3 Bxd3 16. Qxd3 cxd4 17. Bxd4 Qd7 18. Bxa7 Rxc1 19. Rxc1 Ra8 20. Bb6 Rxa2
21. Rc7 Qd6 22. Rc8+ Bf8 23. Bc5 Qxc5 24. Rxc5 Bxc5 25. Qxd5 Ra5 26. Qd8+ Bf8
27. Qxa5 g6 28. Qb6 Kg7 29. Qxb7 Kg8 30. b4 Kg7 31. b5 Kg8 32. b6 Kg7 33. Qc8
Kg8 34. b7 Kg7 35. b8=B Ba3 36. Qc3+ Kg8 37. Qxa3 Kg7 38. Be5+ f6 39. Qe7+ Kh6
40. Qxf6 Kh5 41. g4+ Kh6 42. Bf4# 1-0

[Event "CYCC U10"]
[Site "Windsor CAN"]
[Date "2016.07.08"]
[Round "6.91"]
[White "Gaisinsky, Jacob"]
[Black "Dinatolo, Zack"]
[Result "0-1"]
[WhiteElo "1416"]
[BlackElo "999"]
[PlyCount "62"]
[EventDate "2016.07.05"]
[EventType "swiss"]
[EventRounds "7"]
[EventCountry "CAN"]

1. e4 e5 2. Nf3 Nc6 3. Bc4 Nf6 4. Ng5 d5 5. exd5 Na5 6. Bb5+ c6 7. dxc6 bxc6 8.
Bd3 Bc5 9. O-O Bg4 10. Be2 Bf5 11. d3 O-O 12. Nc3 Nd5 13. Nxd5 cxd5 14. Re1 Nc6
15. Bf1 Qf6 16. Nf3 Bg4 17. Be2 e4 18. dxe4 dxe4 19. Bg5 Qg6 20. Nd2 Bxe2 21.
Qxe2 Qxg5 22. Nxe4 Qe7 23. Qb5 Nd4 24. Rac1 Rac8 25. Qd3 Rfd8 26. Nxc5 Qxc5 27.
b4 Qc7 28. c3 Nb3 29. Qxd8+ Rxd8 30. axb3 Qd7 31. Rcd1 Qxd1 0-1

[Event "CYCC U10"]
[Site "Windsor CAN"]
[Date "2016.07.08"]
[Round "6.92"]
[White "Lu, Lucas Yunkun"]
[Black "Imoo, Joshua"]
[Result "0-1"]
[WhiteElo "1083"]
[BlackElo "1072"]
[PlyCount "52"]
[EventDate "2016.07.05"]
[EventType "swiss"]
[EventRounds "7"]
[EventCountry "CAN"]

1. e4 e5 2. Nf3 Nc6 3. Bb5 Nge7 4. Nc3 g6 5. Bxc6 Nxc6 6. d4 exd4 7. Nxd4 Bg7
8. Nxc6 bxc6 9. O-O O-O 10. Be3 Re8 11. Bd4 Bb7 12. Bxg7 Kxg7 13. Qd4+ Qf6 14.
Qxd7 Re7 15. Qg4 Bc8 16. Qg3 Re5 17. f4 Rc5 18. e5 Qf5 19. Qe3 Rc4 20. Ne4 Qxe4
21. Qg3 Bf5 22. Qg5 Rxc2 23. Rfd1 h6 24. Qf6+ Kg8 25. Rd8+ Rxd8 26. Qxd8+ Kh7
0-1

[Event "CYCC U10"]
[Site "Windsor CAN"]
[Date "2016.07.08"]
[Round "6.93"]
[White "Wu, Lucian"]
[Black "Zhao, Tianjiu"]
[Result "1-0"]
[WhiteElo "1320"]
[BlackElo "1016"]
[PlyCount "133"]
[EventDate "2016.07.05"]
[EventType "swiss"]
[EventRounds "7"]
[EventCountry "CAN"]

1. d4 d5 2. c4 e6 3. Nc3 Nf6 4. Nf3 Nc6 5. Bf4 Bd6 6. Ne5 Nxe5 7. dxe5 Nh5 8.
exd6 Nxf4 9. dxc7 Qxc7 10. e3 Ng6 11. cxd5 exd5 12. Nxd5 Qd7 13. Bc4 O-O 14.
O-O Ne5 15. Bb3 Rd8 16. Nc3 Qxd1 17. Rfxd1 Rxd1+ 18. Rxd1 Bg4 19. Rd5 Nc6 20.
Rd2 Rd8 21. Rxd8+ Nxd8 22. h3 Be6 23. Bc2 Nc6 24. a3 Kh8 25. Be4 g6 26. Nb5 a6
27. Nd6 Na5 28. b4 Nc4 29. Nxc4 Bxc4 30. Bxb7 Bb5 31. Kh2 Kg7 32. Kg3 Kf6 33.
Kf4 Ke6 34. Ke4 Kd6 35. Kd4 Kc7 36. Bd5 Be8 37. Kc5 h5 38. Bc4 Kb7 39. h4 f5
40. g3 Ka7 41. Kd6 Kb8 42. Bxa6 Ba4 43. b5 Bc2 44. b6 Be4 45. Bc4 Kb7 46. Bd5+
Bxd5 47. Kxd5 Kxb6 48. Ke5 Kc6 49. a4 Kb6 50. Kf6 Ka5 51. Kxg6 Kxa4 52. Kxf5
Kb5 53. Kg5 Kc5 54. Kxh5 Kd5 55. Kg5 Ke6 56. f4 Kf7 57. Kf5 Kf8 58. Kf6 Kg8 59.
g4 Kf8 60. g5 Kg8 61. g6 Kf8 62. h5 Kg8 63. h6 Kh8 64. g7+ Kh7 65. Kf7 Kxh6 66.
g8=Q Kh5 67. Qg5# 1-0

[Event "CYCC U10"]
[Site "Windsor CAN"]
[Date "2016.07.08"]
[Round "6.94"]
[White "Vo, Andy"]
[Black "Ren, Alexander"]
[Result "0-1"]
[WhiteElo "1408"]
[BlackElo "918"]
[PlyCount "48"]
[EventDate "2016.07.05"]
[EventType "swiss"]
[EventRounds "7"]
[EventCountry "CAN"]

1. e4 c5 2. Nf3 Nc6 3. d4 cxd4 4. Nxd4 g6 5. c4 Bg7 6. Be3 Nf6 7. Nc3 O-O 8. f3
Ne8 9. Qd2 Nc7 10. O-O-O Re8 11. h4 d6 12. h5 Bd7 13. hxg6 fxg6 14. Bh6 Bh8 15.
Nxc6 bxc6 16. Bf4 Ne6 17. Bg3 c5 18. Qh6 Nf8 19. Nd5 Qb8 20. b3 Bg7 21. Qh4 a5
22. Nxe7+ Rxe7 23. Qxe7 Qb4 24. Bxd6 Qc3+ 0-1

[Event "CYCC U10"]
[Site "Windsor CAN"]
[Date "2016.07.08"]
[Round "6.96"]
[White "Yuan, Kevin"]
[Black "Brassard, Mathieu"]
[Result "1-0"]
[WhiteElo "979"]
[BlackElo "876"]
[PlyCount "49"]
[EventDate "2016.07.05"]
[EventType "swiss"]
[EventRounds "7"]
[EventCountry "CAN"]

1. e4 c5 2. Nf3 Nc6 3. Bb5 a6 4. Bxc6 dxc6 5. O-O e6 6. Nc3 g5 7. d3 g4 8. Ne5
f6 9. Nxg4 f5 10. exf5 exf5 11. Re1+ Be7 12. Ne5 Nf6 13. Bg5 Rg8 14. Bxf6 Bxf6
15. Nxc6+ Be7 16. Nxd8 Kxd8 17. Qe2 Re8 18. Nd5 Kd7 19. Nxe7 Kc7 20. Nd5+ Kd7
21. Qxe8+ Kd6 22. Qe5+ Kc6 23. Ne7+ Kb5 24. a4+ Kb4 25. Qc3# 1-0

[Event "CYCC U10"]
[Site "Windsor CAN"]
[Date "2016.07.08"]
[Round "6.97"]
[White "Xing, Blair"]
[Black "Zaid, Daniyal"]
[Result "1-0"]
[WhiteElo "924"]
[BlackElo "584"]
[PlyCount "89"]
[EventDate "2016.07.05"]
[EventType "swiss"]
[EventRounds "7"]
[EventCountry "CAN"]

1. e4 e5 2. Nf3 Nc6 3. Nc3 Nf6 4. Bc4 Bc5 5. d3 h6 6. O-O d6 7. h3 O-O 8. Be3
Bd4 9. Qd2 Bxe3 10. fxe3 Re8 11. Nd5 Be6 12. Nh4 Nxd5 13. exd5 Qxh4 14. dxe6
fxe6 15. c3 d5 16. Bb3 Rf8 17. d4 Rxf1+ 18. Rxf1 exd4 19. exd4 Na5 20. Bc2 Nc4
21. Qd3 Qe4 22. Qxe4 dxe4 23. Bxe4 Nd2 24. Bxb7 Nxf1 25. Bxa8 Nd2 26. b3 Kf7
27. Kf2 Ne4+ 28. Bxe4 Kf6 29. a4 a5 30. b4 axb4 31. cxb4 Ke7 32. a5 Kd8 33. a6
Kc8 34. a7 Kd7 35. a8=Q Kd6 36. Qc6+ Ke7 37. Qxc7+ Kf6 38. b5 g5 39. b6 g4 40.
Qf4+ Ke7 41. hxg4 h5 42. b7 e5 43. Qxe5+ Kf7 44. b8=R hxg4 45. Rb7+ 1-0

[Event "CYCC U10"]
[Site "Windsor CAN"]
[Date "2016.07.08"]
[Round "6.98"]
[White "Ho, Hewitt"]
[Black "Lodhi, Rayyan"]
[Result "0-1"]
[WhiteElo "749"]
[BlackElo "872"]
[PlyCount "86"]
[EventDate "2016.07.05"]
[EventType "swiss"]
[EventRounds "7"]
[EventCountry "CAN"]

1. e4 c5 2. d4 cxd4 3. c3 dxc3 4. Nxc3 d6 5. Nf3 g6 6. Bb5+ Bd7 7. Bxd7+ Qxd7
8. O-O Bg7 9. Bf4 Nf6 10. Re1 Nc6 11. Qb3 Na5 12. Qc2 Nh5 13. g3 Nxf4 14. gxf4
Qg4+ 15. Kh1 Qxf3+ 16. Kg1 Qg4+ 17. Kf1 O-O 18. Nd5 e6 19. Ne7+ Kh8 20. Qc7
Qh3+ 21. Kg1 Nc6 22. Qxb7 Nxe7 23. Qxe7 Qg4+ 24. Kh1 Qxf4 25. Rg1 Qxe4+ 26. Rg2
Bxb2 27. Rb1 Qxb1+ 28. Rg1 Qxa2 29. Qxd6 Qd5+ 30. Qxd5 exd5 31. Rd1 Rfd8 32.
Kg2 a5 33. Rb1 Bg7 34. Kf3 Re8 35. Rd1 Rad8 36. Ra1 Bxa1 37. h4 d4 38. h5 gxh5
39. Kf4 d3 40. Kf5 Kg7 41. f4 d2 42. Kg5 d1=Q 43. Kf5 Qg4# 0-1

[Event "CYCC U10"]
[Site "Windsor CAN"]
[Date "2016.07.08"]
[Round "6.99"]
[White "Si, Patrick"]
[Black "Hasanov, Tahir"]
[Result "1-0"]
[WhiteElo "931"]
[BlackElo "608"]
[PlyCount "55"]
[EventDate "2016.07.05"]
[EventType "swiss"]
[EventRounds "7"]
[EventCountry "CAN"]

1. e4 e5 2. Nf3 Nc6 3. Bc4 Bc5 4. O-O Nf6 5. Re1 d6 6. c3 O-O 7. d4 exd4 8.
cxd4 d5 9. exd5 Nxd5 10. dxc5 Be6 11. Ng5 Re8 12. Bxd5 Qxd5 13. Qh5 h6 14. Nc3
Qd7 15. Nxe6 Rxe6 16. Rxe6 Qxe6 17. Bd2 Rd8 18. Re1 Qd7 19. Ne4 f5 20. Bc3 fxe4
21. b4 Re8 22. f3 Qd3 23. Qxe8+ Kh7 24. Ba1 Nxb4 25. Qe7 Kg6 26. Qxg7+ Kf5 27.
fxe4+ Kf4 28. Be5# 1-0

[Event "CYCC U10"]
[Site "Windsor CAN"]
[Date "2016.07.08"]
[Round "6.101"]
[White "Yim, Justin"]
[Black "Ripley, Noah"]
[Result "1/2-1/2"]
[WhiteElo "708"]
[BlackElo "670"]
[PlyCount "43"]
[EventDate "2016.07.05"]
[EventType "swiss"]
[EventRounds "7"]
[EventCountry "CAN"]

1. e4 e5 2. Bc4 Nf6 3. Nc3 Bc5 4. Nf3 d6 5. O-O Be6 6. Bxe6 fxe6 7. d3 Nc6 8.
Bg5 Bb4 9. a3 Bxc3 10. bxc3 d5 11. exd5 exd5 12. Rb1 Na5 13. Re1 e4 14. dxe4
dxe4 15. Qxd8+ Rxd8 16. Bxf6 gxf6 17. Rxe4+ Kf7 18. Rb5 b6 19. Rd4 Rhe8 20.
Rxd8 Rxd8 21. h4 Rd1+ 22. Kh2 1/2-1/2

[Event "CYCC U10"]
[Site "Windsor CAN"]
[Date "2016.07.08"]
[Round "6.102"]
[White "Dutrisac, Dylan"]
[Black "Marcelloni, Jacob"]
[Result "0-1"]
[WhiteElo "852"]
[BlackElo "686"]
[PlyCount "106"]
[EventDate "2016.07.05"]
[EventType "swiss"]
[EventRounds "7"]
[EventCountry "CAN"]

1. c3 d5 2. Qb3 Nf6 3. f3 g6 4. Nh3 Bg7 5. c4 O-O 6. e4 dxe4 7. fxe4 Nxe4 8.
Nc3 Nxc3 9. bxc3 Nc6 10. Ng5 b6 11. Qc2 Bf5 12. Qd1 e6 13. Qe2 Qxg5 14. d3
Bxc3+ 15. Bd2 Bxd2+ 16. Qxd2 Qxd2+ 17. Kxd2 Rad8 18. g3 Be4 19. Rg1 Rd4 20. Re1
Bf5 21. Rg2 Rfd8 22. Re3 Rb8 23. Rf2 b5 24. cxb5 Rxb5 25. h3 Rb2+ 26. Ke1 Rb1+
27. Ke2 Rdb4 28. Kf3 R4b2 29. Rxb2 Rxb2 30. Re2 Rb1 31. Kf2 Bxd3 32. Re1 Rxe1
33. Kxe1 Bxf1 34. Kxf1 Kf8 35. Ke2 Ke7 36. Ke3 Kd6 37. Ke4 e5 38. g4 Nd4 39. g5
c5 40. a4 c4 41. Ke3 c3 42. Kd3 c2 43. Kd2 e4 44. h4 e3+ 45. Kc1 e2 46. Kd2
e1=Q+ 47. Kxe1 c1=Q+ 48. Kf2 Ke5 49. Kg3 Qf4+ 50. Kg2 Qf3+ 51. Kg1 Ne2+ 52. Kh2
Qg3+ 53. Kh1 Qg1# 0-1

[Event "CYCC U10"]
[Site "Windsor CAN"]
[Date "2016.07.08"]
[Round "7.81"]
[White "Issani, Nameer"]
[Black "Noor Ali, Aahil"]
[Result "1-0"]
[WhiteElo "2145"]
[BlackElo "2070"]
[PlyCount "83"]
[EventDate "2016.07.05"]
[EventType "swiss"]
[EventRounds "7"]
[EventCountry "CAN"]

1. d4 Nf6 2. c4 e6 3. Nc3 d5 4. cxd5 exd5 5. Bg5 Nbd7 6. e3 Be7 7. Bd3 O-O 8.
Nge2 b6 9. O-O Bb7 10. Rc1 Rc8 11. Ng3 h6 12. Bf4 c6 13. Nf5 Re8 14. f3 Nf8 15.
Bg3 Ng6 16. Kh1 Bf8 17. e4 Nh5 18. e5 Nxg3+ 19. hxg3 Rb8 20. f4 b5 21. Ne3 Nh8
22. Ne2 f6 23. Ng4 Qd7 24. Ne3 Qf7 25. Ng1 a6 26. Qc2 g6 27. Ng4 Red8 28. Nxf6+
Kg7 29. f5 g5 30. g4 Be7 31. Nh5+ Kf8 32. e6 Qe8 33. f6 Bxf6 34. Rxf6+ Ke7 35.
Qc5+ Rd6 36. Rxh6 Qg8 37. Rh7+ Qxh7 38. Bxh7 Kxe6 39. Bf5+ Kf7 40. Qxd6 Rg8 41.
Qf6+ Ke8 42. Re1# 1-0

[Event "CYCC U10"]
[Site "Windsor CAN"]
[Date "2016.07.08"]
[Round "7.82"]
[White "Rusonik, Mark"]
[Black "Chen, Max"]
[Result "1-0"]
[WhiteElo "1817"]
[BlackElo "2007"]
[PlyCount "101"]
[EventDate "2016.07.05"]
[EventType "swiss"]
[EventRounds "7"]
[EventCountry "CAN"]

1. e4 c5 2. Nf3 d6 3. d4 cxd4 4. Nxd4 Nf6 5. Nc3 g6 6. f4 Nbd7 7. Bb5 a6 8. Ba4
Qc7 9. Qe2 b5 10. Bb3 Bg7 11. Be3 O-O 12. O-O-O Nc5 13. Bd5 Bb7 14. Bxb7 Nxb7
15. Nd5 Nxd5 16. exd5 Qc4 17. Qxc4 bxc4 18. Nc6 e6 19. Bd4 Rfe8 20. Bxg7 Kxg7
21. dxe6 fxe6 22. Rhe1 Rac8 23. Nd4 Nc5 24. Re2 Nd3+ 25. Kd2 Nxf4 26. Rf2 e5
27. Ne2 Ne6 28. Kc3 Red8 29. Ng3 d5 30. Rdf1 Rd7 31. Kd2 Nc5 32. Rf6 h5 33. h4
Rcc7 34. Rf8 Rf7 35. R1xf7+ Rxf7 36. Rc8 Rf2+ 37. Ke1 Rxg2 38. Rxc5 Rxg3 39.
Rxd5 Rg2 40. Kd1 g5 41. Rxe5 Kg6 42. Rxg5+ Rxg5 43. hxg5 Kxg5 44. b4 Kf4 45. a4
c3 46. b5 axb5 47. a5 h4 48. a6 Kg3 49. a7 Kh2 50. a8=Q h3 51. Ke2 1-0

[Event "CYCC U10"]
[Site "Windsor CAN"]
[Date "2016.07.08"]
[Round "7.83"]
[White "Srinivas, Atharva"]
[Black "Zhou, Aiden"]
[Result "0-1"]
[WhiteElo "1343"]
[BlackElo "1847"]
[PlyCount "116"]
[EventDate "2016.07.05"]
[EventType "swiss"]
[EventRounds "7"]
[EventCountry "CAN"]

1. e4 c5 2. Nc3 d6 3. Bb5+ Bd7 4. Bxd7+ Qxd7 5. f4 Nc6 6. Nf3 g6 7. d3 Bg7 8.
O-O e6 9. Re1 Nge7 10. Be3 O-O 11. Qd2 a6 12. Rad1 Nd4 13. Bxd4 cxd4 14. Ne2
Nc6 15. c3 dxc3 16. Nxc3 Nd4 17. Nxd4 Bxd4+ 18. Kh1 Rac8 19. Ne2 Bg7 20. Ng3
Qb5 21. Re2 Bh6 22. Rf2 Qa4 23. b3 Qd4 24. Qe2 Rfe8 25. Qf3 f5 26. h3 Bg7 27.
Re2 d5 28. Qe3 Qxe3 29. Rxe3 e5 30. Rf3 exf4 31. Rxf4 Be5 32. Rf3 Bxg3 33. Rxg3
dxe4 34. dxe4 fxe4 35. Re3 Rc2 36. Rde1 Rxa2 37. Rxe4 Rxe4 38. Rxe4 Ra3 39. Rb4
b5 40. Kg1 Ra1+ 41. Kf2 Ra2+ 42. Kf3 Rb2 43. g4 Kf7 44. Rf4+ Ke6 45. b4 Rb3+
46. Kg2 Ke5 47. Rf7 Rxb4 48. Rxh7 a5 49. Kg3 a4 50. h4 a3 51. h5 gxh5 52. gxh5
a2 53. Re7+ Kf6 54. Re2 a1=Q 55. Rf2+ Kg5 56. Rh2 Qc3+ 57. Kg2 Rb2+ 58. Kg1
Qc1# 0-1

[Event "CYCC U10"]
[Site "Windsor CAN"]
[Date "2016.07.08"]
[Round "7.84"]
[White "Ivanescu, Mark"]
[Black "Guipi Bopala, Prince Eric jr"]
[Result "0-1"]
[WhiteElo "1603"]
[BlackElo "1499"]
[PlyCount "69"]
[EventDate "2016.07.05"]
[EventType "swiss"]
[EventRounds "7"]
[EventCountry "CAN"]

1. d4 Nf6 2. Nf3 g6 3. Bf4 Bg7 4. e3 O-O 5. c4 d6 6. Nc3 Nbd7 7. Bd3 c6 8. Qc2
Re8 9. h3 e5 10. Bh2 exd4 11. Nxd4 Nc5 12. O-O a5 13. Rfd1 Qc7 14. Nb3 Nxb3 15.
Qxb3 Qe7 16. Be2 Rd8 17. Rac1 Be6 18. Qc2 d5 19. cxd5 Nxd5 20. Nxd5 Bxd5 21. b3
Qg5 22. Bg3 Re8 23. h4 Qe7 24. Qc5 Qxc5 25. Rxc5 b6 26. Rcc1 a4 27. Bc4 Be6 28.
Rc2 axb3 29. axb3 Bxc4 30. Rxc4 Ra3 31. Rxc6 Rxb3 32. Rdd6 Ra8 33. Be5 Bxe5 34.
Rxb6 Rxb6 35. Rxb6 0-1

[Event "CYCC U10"]
[Site "Windsor CAN"]
[Date "2016.07.08"]
[Round "7.85"]
[White "Kang, Dorian"]
[Black "Bui, Alan"]
[Result "1-0"]
[WhiteElo "1790"]
[BlackElo "1417"]
[PlyCount "97"]
[EventDate "2016.07.05"]
[EventType "swiss"]
[EventRounds "7"]
[EventCountry "CAN"]

1. c4 Nf6 2. Nc3 e6 3. e4 d5 4. cxd5 exd5 5. e5 Nfd7 6. d4 c5 7. dxc5 Nxe5 8.
Qxd5 Qxd5 9. Nxd5 Kd8 10. Bf4 Nbc6 11. O-O-O Bd7 12. b4 Ng6 13. Bc7+ Kc8 14. a3
Nce7 15. Bg3 Nxd5 16. Rxd5 Be6 17. Rd2 Be7 18. Nf3 Rd8 19. Bd3 f5 20. Re1 Bd7
21. Kb1 Bf6 22. Be5 Bxe5 23. Nxe5 Re8 24. Rde2 Nf4 25. Nxd7 Nxe2 26. Bxe2 Rxe2
27. Rxe2 Kxd7 28. Kb2 Rf8 29. Kc3 Rf6 30. Kc4 Ra6 31. Rd2+ Ke7 32. Rd3 Rc6 33.
b5 Rf6 34. Kd5 Kd7 35. Ke5+ Ke7 36. Rd6 Rxd6 37. cxd6+ Kd7 38. Kd5 h6 39. h4 g6
40. f4 h5 41. g3 a6 42. b6 a5 43. a4 Ke8 44. Ke6 Kd8 45. d7 g5 46. hxg5 h4 47.
g6 hxg3 48. g7 g2 49. g8=Q# 1-0

[Event "CYCC U10"]
[Site "Windsor CAN"]
[Date "2016.07.08"]
[Round "7.86"]
[White "Imoo, Joshua"]
[Black "Gu, Chuyang"]
[Result "1/2-1/2"]
[WhiteElo "1072"]
[BlackElo "1632"]
[PlyCount "74"]
[EventDate "2016.07.05"]
[EventType "swiss"]
[EventRounds "7"]
[EventCountry "CAN"]

1. e4 c5 2. Nc3 Nc6 3. f4 g6 4. Nf3 Bg7 5. Bb5 e6 6. Bxc6 bxc6 7. d3 Ne7 8. Be3
Qa5 9. Qd2 O-O 10. O-O Qb4 11. Rab1 d5 12. a3 Qb6 13. Na4 Qb5 14. Bxc5 Re8 15.
Qb4 Qxb4 16. Bxb4 Ba6 17. Bxe7 Rxe7 18. Nc5 Bc8 19. e5 Rb8 20. d4 Rc7 21. b4
Bf8 22. Rb3 a5 23. bxa5 Rxb3 24. cxb3 Bxc5 25. dxc5 Ba6 26. Rb1 Kf8 27. Nd4 Ke7
28. b4 Bd3 29. Rb2 Bb5 30. g3 Kd7 31. Kg2 Rb7 32. Kh3 Rb8 33. Kh4 h6 34. Nxb5
cxb5 35. Rc2 Kc6 36. g4 Rb7 37. Rf2 d4 1/2-1/2

[Event "CYCC U10"]
[Site "Windsor CAN"]
[Date "2016.07.08"]
[Round "7.87"]
[White "De Costa, Benjamin"]
[Black "Jeyakumar, Bhavatharshan"]
[Result "1/2-1/2"]
[WhiteElo "1394"]
[BlackElo "1416"]
[PlyCount "53"]
[EventDate "2016.07.05"]
[EventType "swiss"]
[EventRounds "7"]
[EventCountry "CAN"]

1. Nf3 Nf6 2. g3 d5 3. d3 Nc6 4. Bg2 e5 5. O-O Bc5 6. c4 Be6 7. e3 O-O 8. Nc3
dxc4 9. dxc4 Bxc4 10. Re1 e4 11. Nd2 Bd3 12. Ndxe4 Nxe4 13. Nxe4 Bxe4 14. Bxe4
Qe7 15. Qc2 Nb4 16. Qb1 h6 17. Bxb7 Rab8 18. Bg2 Rfd8 19. a3 Nd3 20. Rd1 Ne5
21. Rxd8+ Rxd8 22. b4 Rd1+ 23. Bf1 Nf3+ 24. Kg2 Ne1+ 25. Kg1 Nf3+ 26. Kg2 Ne1+
27. Kg1 1/2-1/2

[Event "CYCC U10"]
[Site "Windsor CAN"]
[Date "2016.07.08"]
[Round "7.88"]
[White "Dinatolo, Zack"]
[Black "Jacobs, Michael"]
[Result "0-1"]
[WhiteElo "1416"]
[BlackElo "1380"]
[PlyCount "60"]
[EventDate "2016.07.05"]
[EventType "swiss"]
[EventRounds "7"]
[EventCountry "CAN"]

1. e4 e6 2. d4 d5 3. e5 c5 4. c3 Nc6 5. Nf3 Qb6 6. Bd3 Bd7 7. O-O cxd4 8. cxd4
Nxd4 9. Nxd4 Qxd4 10. Re1 Bc5 11. Be3 Qxb2 12. Bxc5 Qxa1 13. Qb3 b6 14. Kf1
bxc5 15. Nc3 c4 16. Qa3 Qxe1+ 17. Kxe1 cxd3 18. Kd2 Ne7 19. Qb3 O-O 20. Qb7
Rfd8 21. Qb4 Nc6 22. Qf4 Rab8 23. Nd1 Rb4 24. Qg3 Rdb8 25. Qg5 h6 26. Qg3 Na5
27. h3 Nc4+ 28. Ke1 Nxe5 29. a3 Re4+ 30. Kf1 Rb1 0-1

[Event "CYCC U10"]
[Site "Windsor CAN"]
[Date "2016.07.08"]
[Round "7.89"]
[White "Wu, Lucian"]
[Black "Feng, Richard2"]
[Result "1/2-1/2"]
[WhiteElo "1320"]
[BlackElo "761"]
[PlyCount "123"]
[EventDate "2016.07.05"]
[EventType "swiss"]
[EventRounds "7"]
[EventCountry "CAN"]

1. d4 d5 2. c4 e6 3. Nc3 Nf6 4. Nf3 Bb4 5. Qc2 O-O 6. a3 Bxc3+ 7. Qxc3 c6 8.
Bf4 Ne4 9. Qc2 Nd7 10. e3 b6 11. Be2 Bb7 12. O-O c5 13. cxd5 exd5 14. Rac1 Rc8
15. Qd1 Ndf6 16. h3 h6 17. Nd2 Nxd2 18. Qxd2 Re8 19. Rfe1 Re7 20. Bf1 cxd4 21.
exd4 Rxe1 22. Qxe1 Nh5 23. Rxc8 Qxc8 24. Bd2 Ba6 25. Bxa6 Qxa6 26. Qe8+ Kh7 27.
Qxf7 Nf6 28. Qe6 Qd3 29. Qe3 Qb1+ 30. Bc1 Qc2 31. Qd2 Qe4 32. Qc3 Qe2 33. Qd2
Qc4 34. Qd1 a5 35. Be3 a4 36. Qc1 Qb3 37. Qb1+ Kg8 38. Qc1 Kh7 39. Kh2 b5 40.
Qd2 Ne4 41. Qb4 Qxb4 42. axb4 g5 43. f3 Nd6 44. Bc1 Nf5 45. Kg1 Nxd4 46. Kf2
Nb3 47. Be3 d4 48. Bxd4 Nxd4 49. Ke3 Nc2+ 50. Ke4 Nxb4 51. Kd4 Na2 52. Kc5 b4
53. Kc4 a3 54. bxa3 bxa3 55. Kb3 Nc1+ 56. Kxa3 Nd3 57. g3 Kg6 58. Kb3 Nf2 59.
Kc3 Nxh3 60. Kd2 Ng1 61. Ke3 Kf5 62. Kf2 1/2-1/2